K-POP DEMON HUNTERS SONG QUIZ - Statistics

General Stats
  • This quiz has been taken 32 times
  • The average score is 7 of 7
Answer Stats
Answer % Correct
Golden
100%
Soda Pop
96%
Your Idol
96%
Free
93%
Takedown
93%
What it Sounds Like
93%
How It's Done
89%
No matching quizzes found
Score Distribution
Percent of People with Each Score
Percentile by Number Answered
Your Score History
You have not taken this quiz